000 00752cam a2200229 a 4500
001 000002861
005 20200929150255.0
008 960913s1998 sp 000 f spa
020 _a950082003X
040 _aDO-SdBNP
_cDLC
_dOCoLC
_dDLC
041 1 7 _aspa
_heng
_2código de idioma Marc
082 _a813.54
_bR813a
100 1 _aRosenberg, Nancy Taylor
_99084
245 1 0 _aAbuso de poder /
_cNancy Taylor Rosenberg ; traducción, Antonio Bonanno.
260 _aBuenos Aires :
_bAtlántida,
_c1998.
300 _a302 p. ;
_c24 cm.
534 _aTítulo original: Abuse of power
650 4 _aNovela estadounidense
_9262
650 4 _aLiteratura estadounidense
_9263
700 1 _aBonanno, Antonio
_etr.
_99085
910 _aCatalogación por copia / LC
999 _c2695
_d2695